Генератор коротких высоковольтных импульсов ГКВИ-2; Приборы и электронная аппаратура для измерения радиотехнических величин параметров радиотехнических устройств

Bibliographische Detailangaben
Parent link:Приборы и электронная аппаратура для измерения радиотехнических величин параметров радиотехнических устройств.— 1962.— С. 10-14
1. Verfasser: Усов Ю. П. Юрий Петрович
Zusammenfassung:В фонде НТБ ТПУ отсутствует
Sprache:Russisch
Veröffentlicht: 1962
Schlagworte:
Format: MixedMaterials Buchkapitel
KOHA link:https://koha.lib.tpu.ru/cgi-bin/koha/opac-detail.pl?biblionumber=592414

MARC

LEADER 00000naa0a2200000 4500
001 592414
005 20250128154819.0
035 |a (RuTPU)RU\TPU\tpu\4442 
035 |a TPU00004442 
090 |a 592414 
100 |a 20011210d1962 k y0rusy50 ca 
101 0 |a rus 
102 |a RU 
200 1 |a Генератор коротких высоковольтных импульсов ГКВИ-2  |f Ю. П. Усов 
333 |a В фонде НТБ ТПУ отсутствует 
463 |t Приборы и электронная аппаратура для измерения радиотехнических величин параметров радиотехнических устройств  |v С. 10-14  |d 1962  |s Передовой научно-технический и производственный опыт. Вып.9, тема 35, N II-62-53 (9) 
610 1 |a электричество 
610 1 |a труды учёных ТПУ 
610 1 |a диэлектрики 
610 1 |a пробой 
700 1 |a Усов  |b Ю. П.  |c российский ученый, электротехник  |c профессор Томского политехнического университета, доктор технических наук  |f 1937-  |g Юрий Петрович  |3 (RuTPU)RU\TPU\pers\19875 
801 0 |a RU  |b 63413507  |c 20011210  |g PSBO 
801 2 |a RU  |b 63413507  |c 20111213  |g PSBO 
942 |c BK